000 00305nam a2200133Ia 4500
008 240624s9999 xx 000 0 und d
041 _aeng
082 _a823 SHA
100 _aSHAMSIE KAMILA
245 _aBROKEN VERSES
260 _c2006
_aNew Delhi
_bBloomsbury
300 _a352 : p.
365 _cRS
_b30
999 _c28447
_d28447